000 00904cad a22002295a 4500
001 L158439
008 121219e2015 xxk 000 0 eng d
035 _a(Sirsi) u158439
041 0 _aeng
100 1 _aGaffney
_HJohn
245 0 4 _aThe asset wheel
_h[electronic resource]
260 _c2015
490 _aRICS Property Journal
_vMarch 2015-April 2015, 22-23(2)
520 _aDescribes the holistic approach businesses are taking to manage their built assets and how the role of chartered management consultancy surveyors can come in to this.
650 2 4 _aREAL ESTATE CONSULTANCY
650 2 4 _aASSET MANAGEMENT
651 4 _aUnited Kingdom
_y
690 _aManagement consultancy
_96255
710 _aRoyal Institution of Chartered Surveyors
_94900
856 4 0 _uhttps://www.rics.org/uk/news/journals/property-journal
_zView the journal free of charge at www.rics.org/journals...
942 _n0
999 _c84597
_d84597